000 00380nam a2200145 a 4500
005 20140412111258.0
008 091205s19uu xx 00 eng d
020 _a0-439-65560-9
050 _aTR(PS)
_bFr927 1971
100 _aLobel, Arnold
245 _aFrog and Toad together /
_cArnold Lobel.
260 _aNew York :
_bScholastic,
_c1971.
300 _a64p.
999 _c103279
_d103279